01705nam a2200445 i 450000100060000000300080000600500170001400600190003100700150005000800410006502000180010603500230012403500240014703500250017103500210019604000310021705000210024808000070026908200190027610000230029524501340031826400410045230000410049333600310053433700330056533800430059849000330064150000220067450400290069658801230072559001640084860000300101260000300104265500270107270000280109979700190112783000340114685600620118099900170124220696FlNmELB20241216213851.0m o d | cr cnu||||||||150516s2009 ec ob 001 0 spa d z9789978320495 a(MiAaPQ)EBC3227070 a(Au-PeEL)EBL3227070 a(CaPaEBR)ebr11002462 a(OCoLC)992036450 aFINmELBbspaerdacFINmELB 4aR133b.N218 2009 a610 a610.7208662231 aNaranjo, Plutarco.10aPlutarco Naranjo Vargas :bantología de su pensamiento /cselección de textos y estudio introductorio, Germán Rodas Chaves. 1aQuito :bEdiciones La Tierra,c2009. a1 recurso en línea (231 páginas) atextobtxt2rdacontent/spa acomputadorabc2rdamedia/spa arecurso en líneabcr2rdacarrier/spa1 aPensamiento socialista ;v12 aIncluye índice. aContiene bibliografía. aDescripción basada en recurso en línea; Título de la página del título en PDF (e-libro, visto May 16, 2015). aRecurso electrónico. Santa Fe, Arg.: e-libro, 2015. Disponible vía World Wide Web. El acceso puede estar limitado para las bibliotecas afiliadas a e-libro.10aNaranjo, Plutarco,d1921-14aNaranjo, Plutarco,d1921- 4aLibros electrónicos.1 aRodas Chaves, Germán.2 ae-libro, Corp. 0aPensamiento socialista ;v12.40uhttps://elibro.net/ereader/politecnicointernacional/80002 c20696d20696